Priveľa dát, primálo zdravého rozumu
Odporúčania Avinasha Kaushika o tom, čo a ako merať na sociálnych sieťach. Kľúčové ukazovatele výkonnosti KPI - Key Performance Indicators. Analytika digitálneho marketingu.
Na minha lista:
| Autor principal: | |
|---|---|
| Formato: | Capítulo de Livro |
| Idioma: | eslovaco |
| Assuntos: | |
| Tags: |
Sem tags, seja o primeiro a adicionar uma tag!
|
MARC
| LEADER | 00000naa a2200000 4500 | ||
|---|---|---|---|
| 001 | 0157843 | ||
| 005 | 20230912101552.0 | ||
| 041 | 0 | |a slo | |
| 044 | |a SK | ||
| 245 | 1 | 0 | |a Priveľa dát, primálo zdravého rozumu |c Bronislava Molnárová |
| 520 | |a Odporúčania Avinasha Kaushika o tom, čo a ako merať na sociálnych sieťach. Kľúčové ukazovatele výkonnosti KPI - Key Performance Indicators. Analytika digitálneho marketingu. | ||
| 610 | 2 | 0 | |a marketing |
| 610 | 2 | 0 | |a marketing sieťový |
| 610 | 2 | 0 | |a stratégia obchodná |
| 610 | 2 | 0 | |a komunikácia marketingová |
| 610 | 2 | 0 | |a siete sociálne |
| 610 | 2 | 0 | |a internet |
| 610 | 2 | 0 | |a starostlivosť o zákazníkov |
| 610 | 2 | 0 | |a riadenie vzťahov so zákazníkmi |
| 100 | 1 | |a Molnárová, Bronislava | |